00577 2200169 4500245009900000020002200099250001000121100002200131650003500153005001900188260004100207041001400248084001100262500009000273490003500363336000900398 aEnsiklopedia Nabi Muhammad SAW Sebagai Keturunan Bangsa Arab Volume 2cZAIDAH KUSUMAWATIhText a978-979-3535-84-5 aCet.1 aZAIDAH KUSUMAWATI aEnsiklopedia Nabi Muhammad SAW a20231124134204 aJakartabPT Ikrar Mandiriabadic2011 aIndonesia a297.03 aDaftar Isi : Sejarah Bangsa Arab, Nasab Nabi Muhammad SAW, Keluarga Nabi Muhammad SAW aEnsiklopedia Nabi Muhammad SAW atext